| 000 | 00513cam a2200193ua 4500 | ||
|---|---|---|---|
| 020 |
_a0 582 46649 0 _c485.00 |
||
| 041 |
_aeng _h |
||
| 082 |
_a636 _bWIL/IN |
||
| 100 | _aWilliamson, G . | ||
| 245 |
_aIntroduction to animal husbandry in the tropics / _cG Williamson. _hTextual Documents |
||
| 250 |
_a2 / _b. |
||
| 260 |
_aLondon : _bLongman Group Limited , _c1975. |
||
| 300 | _a447 ; . | ||
| 365 | _a485.00 | ||
| 504 | _a | ||
| 700 | 1 | _aPayne, W J A . | |
| 942 | _cBK | ||
| 999 |
_c10921 _d10921 |
||